100. výročie šľachtenia ovocia na Hornej Nitre [1893-1993] : medzinárodné sympózium : zborník referátov z medzinárodného sympózia organizovaného ... v Bojniciach 14. - 16. septembra 1993

Bibliographic Details
Format: Book
Language:Slovak
English
German
PhysicalDescription:214 s. grafy, tab., ilustr. 24 cm
Published: Bojnice Vysoká škola poľnohospodárska [1993]
ISBN:(brož.)
Edition:[1. vyd.]
Subjects:

MARC

LEADER 00000nam a2200000 a 4500
001 vtls010305227
003 SK-MaSNL
005 20260425223135.0
008 110823s1993 xo a 100 0 slo
020 |a (brož.) 
040 |a SNK  |b slo  |c SNK  |e AACR2 
041 0 |a slo  |a eng  |a ger  |b eng 
044 |a xo  |c SK 
072 7 |a 634  |x Ovocinárstvo  |2 konspekt 
080 |a 631.52  |2 2001 
080 |a 634.1/.8  |2 2001 
080 |a (062.534)  |2 2001 
245 0 0 |a 100. výročie šľachtenia ovocia na Hornej Nitre  |b [1893-1993] : medzinárodné sympózium : zborník referátov z medzinárodného sympózia organizovaného ... v Bojniciach 14. - 16. septembra 1993 
246 3 0 |a Medzinárodné sympózium 
246 3 |a Sté výročie šľachtenia ovocia na Hornej Nitre 
246 1 1 |a 100th Anniversary of Fruit Breeding on the Upper Nitra Region 
250 |a [1. vyd.] 
260 |a Bojnice  |b Vysoká škola poľnohospodárska  |c [1993] 
300 |a 214 s.  |b grafy, tab., ilustr.  |c 24 cm 
500 |a Vyd. pre Výskumný ústav ovocných a okrasných drevín v Bojniciach 
546 |a Čiast. text angl., nem. 
546 |a Res. angl. 
650 0 7 |a šľachtenie rastlín  |2 SNKPH  |9 3635 
650 0 7 |a ovocné dreviny  |2 SNKPH  |9 29477 
651 7 |a Slovensko  |2 SNKPH  |9 14231 
655 7 |a zborníky konferencií  |2 SNKPH  |9 70153 
958 |a OND 
999 |c 577653  |d 579583 
952 |a SNK  |b SNK  |y PREZ  |7 0  |p 17A0631772  |o snkSC 146532  |i snk2011/17821  |8 1  |0 0  |1 0  |4 0  |d 2011-08-23  |l 0  |r 2025-07-15 00:00:00  |w 2026-02-23